000 00834nam a2200193Ii 4500
003 JO-AjNU
008 230605s9999||||xx |||||||||||||| ||und||
040 _aJO-AjNU
_bara
_erda
_cJO-AjNU
041 _aara
050 1 4 _aPJ7750.A25.L89 1969
100 3 _aقدم له وأشرف على إختياره و تصحيحه أبو النصر،عمر,
_eauthor
_915008
245 0 0 _aاللزوميات أو لزوم ما لا يلزم لأبي العلاء المعري شاعر الفلاسفة،وفيلسوف الشعراء
264 3 1 _aبيروت:دار الجيل،1969
300 _a248ص
336 _atext
_btxt
_2rdacontent
337 _aunmediated
_bn
_2rdamedia
338 _avolume
_bnc
_2rdacarrier
650 4 _a الشعر العربي - تاريخ ونقد - العصر العباسي - أبو العلاء المعري
_915009
999 _aA4138
_c7706
_d7706